000
00284nam a2200121 a 4500
005
20141022142005.0
008
080922s19uu xx 00 eng d
050
_a
VCD
_b
F44 2002
245
_a
Fiddler on the roof.
650
_a
VCD.
650
_a
Fiddler on the roof.
942
_c
AVM
999
_c
276444
_d
276444